Japonský bankovní systém v krizi

Kríza celého bankového sektora v Japonsku (vyvrcholenie v r. 1995). Situácia na začiatku r. 1996. Štruktúra japonského bankového sektora - finančné inštitúcie, kapitálové vybavenie bánk, mestské banky v priemysle. Situácia na kapitálovom trhu. Perspektívy ozdravovania bankového sektora. Porovnanie s...

ver descrição completa

Na minha lista:
Detalhes bibliográficos
Autor principal: Mervart, J.
Formato: Capítulo de Livro
Idioma:tcheco
Assuntos:
Tags: Adicionar Tag
Sem tags, seja o primeiro a adicionar uma tag!

MARC

LEADER 00000naa a2200000 4500
001 r023226
005 20230908090235.9
041 0 |a cze 
044 |a CZ 
245 1 0 |a Japonský bankovní systém v krizi  |c J. Mervart 
520 |a Kríza celého bankového sektora v Japonsku (vyvrcholenie v r. 1995). Situácia na začiatku r. 1996. Štruktúra japonského bankového sektora - finančné inštitúcie, kapitálové vybavenie bánk, mestské banky v priemysle. Situácia na kapitálovom trhu. Perspektívy ozdravovania bankového sektora. Porovnanie s českým bankovým sektorom. 
610 2 0 |a bankovníctvo 
610 2 0 |a Japonsko 
610 2 0 |a kríza 
610 2 0 |a sústava banková 
610 2 0 |a banky 
610 2 0 |a 1995 
610 2 0 |a trh kapitálový 
100 1 |a Mervart, J.